000 00639cab a2200241 4500
001 X2181
008 090401t1995 xxu||||| |||| 00| 0 eng d
035 _a(Sirsi) u22364
041 _aeng
100 _aCrow, Stephen
245 _aThird party appeals: will they work? Do we need them?
260 _c1995
350 _a0
490 _aJournal of Planning and Environment Law
_vMay 1995 JPEL 376387(12)
650 _aDEVELOPMENT
650 _aOBJECTIONS
650 _aPLANNING APPEALS
650 _aTHIRD PARTIES
650 _aTHIRD PARTY APPEALS
690 _aPLANNING LAW AND PRACTICE
942 _n0
948 _c04/03/1997
999 _c14983
_d14983